000 00309nam a22001337a 4500
020 _a9780673628794
082 _a823
_bWIL
100 _aWillett,Andrew
245 _aThe badgers go camping
260 _aNewyork:
_bScott Foresman Publishers,
300 _a16p. ;
563 _aPB
942 _2ddc
_cBK
999 _c614885
_d614885